World Cup 2026 cities - Statistics

General Stats
  • This quiz has been taken 64 times
  • The average score is 13 of 16
Answer Stats
Hint Answer % Correct
Los Angeles
100%
Mexico City
98%
Vancouver
97%
New York / New Yersey
95%
Canada Toronto
90%
Miami
87%
Boston
84%
Seattle
82%
San Francisco
80%
United Staates Atlanta
77%
Dallas
77%
Houston
77%
Philadelphia
77%
Monterrey
72%
Mexico Guadalajara
70%
Kansas City
66%
No matching quizzes found
Score Distribution
Percent of People with Each Score
Percentile by Number Answered
Your Score History
You have not taken this quiz